Advanced accounting, based entirely on Pakistani law & practice, (Record no. 80400)

MARC details
000 -LEADER
fixed length control field 00598nam a22002171 4500
001 - CONTROL NUMBER
control field sa 68004860
003 - CONTROL NUMBER IDENTIFIER
control field DLC
005 - DATE AND TIME OF LATEST TRANSACTION
control field 20260227112504.0
008 - FIXED-LENGTH DATA ELEMENTS--GENERAL INFORMATION
fixed length control field 711216s1967 pk 00010 eng
010 ## - LIBRARY OF CONGRESS CONTROL NUMBER
LC control number sa 68004860
025 ## - OVERSEAS ACQUISITION NUMBER
Overseas acquisition number PL480:EP-E-448
050 0# - LIBRARY OF CONGRESS CALL NUMBER
Classification number HF5635
Item number .M93 1967
082 ## - DEWEY DECIMAL CLASSIFICATION NUMBER
Classification number 657/.09549
100 20 - MAIN ENTRY--PERSONAL NAME
Personal name Muinuddin Khan, Md.
245 10 - TITLE STATEMENT
Title Advanced accounting, based entirely on Pakistani law & practice,
Statement of responsibility, etc. by Md. Muinuddin Khan.
250 ## - EDITION STATEMENT
Edition statement [2d ed.]
260 0# - PUBLICATION, DISTRIBUTION, ETC.
Place of publication, distribution, etc. Dacca,
Name of publisher, distributor, etc. Ideal Library
Date of publication, distribution, etc. [1967]
300 ## - PHYSICAL DESCRIPTION
Extent viii, 1464 p.
Dimensions 25 cm.
350 ## - PRICE (NR) (BK AM CF MU VM SE) [OBSOLETE]
Price Rs32
650 #0 - SUBJECT ADDED ENTRY--TOPICAL TERM
Topical term or geographic name entry element Accounting.

No items available.

Powered by Koha